The community is my university : a voice from the grass roots on rural health and development

Enregistré dans:
Détails bibliographiques
Auteur principal: Maphorogo, Selina
Autres auteurs: Sutter, Erika (author), Jenkins, Jennifer (editor)
Format: Livre
Publié: Amsterdam : Royal Tropical Institute, c2003.
Sujets:
Tags: Ajouter un tag
Pas de tags, Soyez le premier à ajouter un tag!

MARC

LEADER 00000nam a2200000 4500
020 |a 9068327224  |c TZS 6,000/= 
040 |a MUL  |b eng.  |e AACR 
082 |a 362.5 MAP 
100 |a Maphorogo, Selina 
245 |a The community is my university :  |b a voice from the grass roots on rural health and development  |c / Selina Maphorogo and Erika Sutter edited by Jennifer Jenkins 
260 |a Amsterdam :  |b Royal Tropical Institute,  |c c2003. 
300 |a 272 p. :  |b col. ill. ;  |c 25 cm. 
650 |a Community health services 
650 |a Community health services South Africa 
650 |a Rural health services 
650 |a Rural health service   |z South Africa 
700 |a Sutter, Erika  |c (author) 
700 |a Jenkins, Jennifer  |c (editor) 
942 |c BK 
999 |c 1942  |d 1942